000
00418nam a2200145Ia 4500
008
100122s9999 xx 000 0 und d
082
_b
10322
_a
923.154
100
_a
पालकर ना ह
245
_a
डॉ हेडगेवार
260
_b
ना ह पालकर
_c
1960
300
_a
476
630
_a
डॉ हेडगेवार
730
_a
डॉ हेडगेवार
942
_c
BOOK
999
_c
402019
_d
402016